000 00506nam a2200193 a 4500
001 1772014066712
003 YourLibrary
005 20260225154031.0
008 260225s1989##################000#0#eng##
020 _a9780521320337
082 0 4 _a320.973
_bMAC
100 1 _aMcKay, David,
_eauthor.
245 1 0 _aDomestic Policy and Ideology :
260 _bCambridge University Press,
_c1989.
300 _a237 pages
650 0 _aHistory.
942 _cENGLISH
040 _aYourLibrary
_beng
_cYourLibrary
999 _c615804
_d615804